STATISTICS (Record no. 3072)

MARC details
000 -LEADER
fixed length control field 00306nam a2200121Ia 4500
005 - DATE AND TIME OF LATEST TRANSACTION
control field 20250409180924.0
008 - FIXED-LENGTH DATA ELEMENTS--GENERAL INFORMATION
fixed length control field 250409s9999||||xx |||||||||||||| ||und||
100 ## - MAIN ENTRY--PERSONAL NAME
Personal name GILBERT, NORMA
245 #0 - TITLE STATEMENT
Title STATISTICS
260 ## - PUBLICATION, DISTRIBUTION, ETC.
Name of publisher, distributor, etc. SAUNDERS INTERNATIONAL STUDENT EDITION,
Place of publication, distribution, etc. JAPAN:
650 ## - SUBJECT ADDED ENTRY--TOPICAL TERM
Form subdivision Mathematics
942 ## - ADDED ENTRY ELEMENTS (KOHA)
Koha item type BOOK
Holdings
Withdrawn status Lost status Damaged status Not for loan Collection Home library Current library Shelving location Date acquired Total checkouts Full call number Barcode Date last seen Price effective from Koha item type
        Mathematics St.Dominics College Library St.Dominics College Library Reference 04/09/2025   519.50243 GIL 13019 04/09/2025 04/09/2025 REFERENCE BOOK